ARRUPE JESUIT UNIVERSITY

CORONAVIRUS -STOP THE SPREAD - CLEAN,DISINFECT,COVER
Normal view MARC view

Entry Personal Name

Number of records used in: 1

001 - CONTROL NUMBER

  • control field: 51715

003 - CONTROL NUMBER IDENTIFIER

  • control field: ARRUPE

005 - DATE AND TIME OF LATEST TRANSACTION

  • control field: 20220520082813.0

008 - FIXED-LENGTH DATA ELEMENTS

  • fixed length control field: 220520|| aca||aabn | a|a d

040 ## - CATALOGING SOURCE

  • Original cataloging agency: ARRUPE
  • Transcribing agency: ARRUPE

100 ## - HEADING--PERSONAL NAME

  • Personal name: Ward, W. E. F.
  • Fuller form of name: (William Ernest Frank),
  • Dates associated with a name: 1900-

670 ## - SOURCE DATA FOUND

  • Source citation: Work cat.: (ARRUPE)131476: Ward, W. E. F. (William Ernest Frank), 1900-, Emergent Africa, 1967.

 

Arrupe Library. PO Box MP320 Mt Pleasant, Harare, Zimbabwe
263 242 745411|librarian@aju.ac.zw